Corporate governance in the US and global settings (Record no. 1224451)

MARC details
000 -LEADER
fixed length control field 00725nam a2200229Ia 4500
005 - DATE AND TIME OF LATEST TRANSACTION
control field 20241129104114.0
008 - FIXED-LENGTH DATA ELEMENTS--GENERAL INFORMATION
fixed length control field 241129s9999||||xx |||||||||||||| ||und||
020 ## - INTERNATIONAL STANDARD BOOK NUMBER
International Standard Book Number 9781784412920
037 ## - SOURCE OF ACQUISITION
Stock number Textual
040 ## - CATALOGING SOURCE
Original cataloging agency RTL
Language of cataloging eng
Transcribing agency RTL
041 ## - LANGUAGE CODE
Language code of text/sound track or separate title eng
Source of code eng
084 ## - COLON CLASSIFICATION NUMBER
Classification number XM5:6 Q4
Assigning agency RTL
100 ## - MAIN ENTRY--PERSONAL NAME
Personal name John Kose; Makhija Anil K; Ferris Stephen P
9 (RLIN) 724797
245 #0 - TITLE STATEMENT
Title Corporate governance in the US and global settings
Statement of responsibility, etc. John Kose; Makhija Anil K; Ferris Stephen P
260 ## - PUBLICATION, DISTRIBUTION, ETC.
Place of publication, distribution, etc. United Kingdom
Name of publisher, distributor, etc. Emerald
Date of publication, distribution, etc. 2014
300 ## - PHYSICAL DESCRIPTION
Extent viii,281p.
365 ## - TRADE PRICE
Price type code INR
Price amount 7266
490 ## - SERIES STATEMENT
Series statement Advances in Financial Economics; Vol.17
650 ## - SUBJECT ADDED ENTRY--TOPICAL TERM
Topical term or geographic name entry element Corporate Governance
942 ## - ADDED ENTRY ELEMENTS (KOHA)
Koha item type Textbook
Classification part XM5:6 Q4
Holdings
Withdrawn status Lost status Damaged status Not for loan Home library Current library Date acquired Source of acquisition Cost, normal purchase price Inventory number Total Checkouts Full call number Barcode Date last seen Price effective from Koha item type
        Ratan Tata Library Ratan Tata Library 2024-11-29 Ansh Book International 7266.00 02057 & 30/01/2023   XM5:6 Q4 RT1502387 2024-11-29 2024-11-29 Textbook
Copyright @ Delhi University Library System